| 000 | 01095nam a22003618i 4500 | ||
|---|---|---|---|
| 999 |
_c2415 _d2415 |
||
| 001 | 021233821 | ||
| 003 | UkOxU | ||
| 005 | 20230510090348.0 | ||
| 008 | 170616s2017 enka j 000|f|eng|d | ||
| 015 |
_aGBB7D6641 _2bnb |
||
| 016 | 7 |
_a018459620 _2Uk |
|
| 020 | _a9781407174556 (hbk.) : | ||
| 035 | _a(Uk)018459620 | ||
| 040 |
_aStDuBDS _beng _erda _cStDuBDS _dKH8 |
||
| 082 | 0 | 4 |
_a823.92 DON _223 |
| 100 | 1 |
_aDonaldson, Julia, _eauthor. |
|
| 245 | 1 | 0 |
_aStick man / _cJulia Donaldson ; illustrated by Axel Scheffler. |
| 250 | _aTenth anniversary edition. | ||
| 263 | _a201710 | ||
| 264 | 1 |
_aLondon : _bAlison Green Books, _c2017. |
|
| 300 |
_a1 volume : _bchiefly illustrations (colour) ; _c28 cm |
||
| 336 |
_atext _2rdacontent |
||
| 336 |
_astill image _2rdacontent |
||
| 337 |
_aunmediated _2rdamedia |
||
| 338 |
_avolume _2rdacarrier |
||
| 500 | _aPrevious edition: 2016. | ||
| 500 | _aBoard book. | ||
| 655 | 7 |
_aChildren's stories _vPictorial works. _2gsafd |
|
| 655 | 0 | _aStories in rhyme. | |
| 655 | 0 | _aBoard books. | |
| 700 | 1 |
_aScheffler, Axel, _eartist. |
|
| 942 |
_2ddc _cFIC |
||